[Event "Warsaw Najdorf Memorial op-A 22nd"]
[Site "Warsaw"]
[Date "2025.07.13"]
[Round "6"]
[White "Koziorowicz, Michal"]
[Black "Mika, Tomasz1"]
[Result "1-0"]
[WhiteElo "2308"]
[BlackElo "2227"]
[PlyCount "65"]
[EventDate "2025.07.08"]
[EventType "swiss"]
[EventRounds "9"]
[EventCountry "POL"]
[SourceTitle "CB29_2025"]
[SourceDate "2025.07.16"]
[SourceVersion "1"]
[SourceVersionDate "2025.07.16"]
[SourceQuality "1"]

1. e4 c5 2. Nf3 Nc6 3. Bb5 g6 4. Bxc6 bxc6 5. d4 Bg7 6. dxc5 Qa5+ 7. c3 Qxc5 8. 0-0 Nf6 9. e5 Ng4 10. Qd4 Qxd4 11. cxd4 h5 12. Nc3 0-0 13. Ne4 Ba6 14. Re1 Bc4 15. b3 Bd5 16. Ba3 Rfe8 17. Nh4 a5 18. Nc3 Be6 19. Rad1 Kh7 20. h3 Nh6 21. d5 cxd5 22. Nxd5 Rac8 23. Re2 Ng8 24. Nf3 Bh6 25. Nb6 Rb8 26. Na4 f6 27. Nc5 Kg7 28. exf6+ exf6 29. Nxe6+ dxe6 30. Rd7+ Kh8 31. Nh4 Bg7 32. Nxg6+ Kh7 33. Nf4 1-0

[Event "Warsaw Najdorf Memorial op-A 22nd"]
[Site "Warsaw"]
[Date "2025.07.11"]
[Round "4"]
[White "Koziorowicz, Michal"]
[Black "Smetek, Michal"]
[Result "1-0"]
[WhiteElo "2308"]
[BlackElo "2144"]
[PlyCount "89"]
[EventDate "2025.07.08"]
[EventType "swiss"]
[EventRounds "9"]
[EventCountry "POL"]
[SourceTitle "CB29_2025"]
[SourceDate "2025.07.16"]
[SourceVersion "1"]
[SourceVersionDate "2025.07.16"]
[SourceQuality "1"]

1. e4 c5 2. Nf3 d6 3. Bb5+ Nd7 4. d4 cxd4 5. Qxd4 e5 6. Qd3 h6 7. Nfd2 a6 8. Bxd7+ Bxd7 9. Nc3 Nf6 10. Nc4 Be6 11. Ne3 Be7 12. 0-0 0-0 13. Rd1 b5 14. a4 b4 15. Ncd5 Nxd5 16. exd5 Bd7 17. Nc4 a5 18. f4 exf4 19. Bxf4 Bc8 20. Qg3 Bh4 21. Qf3 Be7 22. Kh1 Ba6 23. Ne3 Bg5 24. Rd4 Qf6 25. Rad1 Rae8 26. Qg3 Bxf4 27. Rxf4 Qg5 28. Nf5 Re5 29. Qxg5 hxg5 30. Rf2 Rfe8 31. h3 Re1+ 32. Rxe1 Rxe1+ 33. Kh2 Rd1 34. c3 bxc3 35. bxc3 Kh7 36. Nxd6 Rxd5 37. Nxf7 Kg8 38. Kg3 Bc4 39. Kg4 Rd3 40. Nxg5 Rxc3 41. Rf5 Be2+ 42. Kh4 Rc4+ 43. g4 Bxg4 44. hxg4 Rxa4 45. Ne6 1-0

[Event "POL-chT Ekstraliga"]
[Site "Chotowa"]
[Date "2025.06.09"]
[Round "8.5"]
[White "Chylewski, Patryk"]
[Black "Koziorowicz, Michal"]
[Result "1/2-1/2"]
[WhiteElo "2313"]
[BlackElo "2294"]
[PlyCount "238"]
[EventDate "2025.06.02"]
[EventType "team-tourn"]
[EventRounds "9"]
[EventCountry "POL"]
[SourceTitle "CB24_2025"]
[SourceDate "2025.06.11"]
[SourceVersion "1"]
[SourceVersionDate "2025.06.11"]
[SourceQuality "1"]
[WhiteTeam "Chylice Laura"]
[BlackTeam "Gorzow Wielkopolski Stilon"]
[WhiteTeamCountry "POL"]
[BlackTeamCountry "POL"]

1. Nf3 d6 2. d4 Nf6 3. c4 g6 4. Nc3 Bg7 5. e4 0-0 6. Be2 e5 7. Be3 Nc6 8. d5 Ne7 9. Nd2 Ne8 10. g4 f5 11. gxf5 gxf5 12. Bg5 Qd7 13. Rg1 Ng6 14. exf5 Qxf5 15. Nce4 Nf4 16. Bg4 Nd3+ 17. Ke2 Nf4+ 18. Kf1 Qf7 19. Bxc8 Rxc8 20. Qg4 Rb8 21. Bxf4 Qxf4 22. Qxf4 Rxf4 23. Ke2 Kh8 24. Rg2 Bh6 25. Rag1 Ng7 26. Rg4 Rbf8 27. Rxf4 Rxf4 28. f3 Rh4 29. Nf1 Bf4 30. Rg2 Kg8 31. Nfg3 Kf7 32. b3 Rh6 33. Kf2 Rg6 34. Nf1 Rh6 35. Nfg3 a6 36. Kf1 Bxg3 37. hxg3 Nf5 38. Kg1 c6 39. dxc6 bxc6 40. Rh2 Rxh2 41. Kxh2 Ke7 42. Kg2 Nd4 43. Kf2 a5 44. g4 Nc2 45. Ke2 Nb4 46. Nc3 Ke6 47. Kd2 d5 48. cxd5+ cxd5 49. a3 Na6 50. Na4 Kd6 51. Nb2 Nc5 52. b4 axb4 53. axb4 Nb3+ 54. Ke3 Nd4 55. Nd3 Nc2+ 56. Kd2 Na3 57. Nc5 Nb5 58. Ke3 Nd4 59. Nd3 Nc6 60. g5 Nd4 61. Nxe5 Nc2+ 62. Kf4 Nxb4 63. Kf5 d4 64. Ke4 Ke6 65. f4 Nc2 66. f5+ Kd6 67. Nf3 d3 68. Kxd3 Nb4+ 69. Ke4 Na6 70. Ne5 Nc5+ 71. Kf4 Ke7 72. Ng4 Kf7 73. Ne5+ Ke7 74. Kg4 Ne4 75. Nf3 Kd6 76. Nd4 Ke7 77. Kf4 Nc5 78. f6+ Kf7 79. Kf5 Nd7 80. Nf3 Nc5 81. Ne5+ Kg8 82. Nc6 Kf7 83. Nd8+ Ke8 84. Ne6 Nd7 85. Nc7+ Kf7 86. Nb5 Nc5 87. Nd6+ Kf8 88. Kg4 Ne6 89. Kh5 Kg8 90. Kh6 Kf8 91. Kh5 Kg8 92. Kh4 Kf8 93. Kg4 Nd4 94. Kf4 Ne6+ 95. Kf5 Nd4+ 96. Ke5 Nf3+ 97. Kf4 Nd4 98. Nb7 Kf7 99. Nd8+ Ke8 100. Ke4 Nb5 101. Ne6 Nd6+ 102. Ke5 Nc4+ 103. Kf4 Kf7 104. Nd8+ Ke8 105. Nc6 Nd6 106. Ne5 Kf8 107. Ke3 Ne8 108. Ng4 Nc7 109. Ne5 Ne6 110. Nf3 Kf7 111. Ne5+ Kf8 112. Ke4 Nxg5+ 113. Kf5 Nf7 114. Nd7+ Ke8 115. Nc5 Kf8 116. Ne6+ Kg8 117. Nf4 Kf8 118. Nd3 Nd6+ 119. Ke6 Ne4 1/2-1/2

[Event "POL-chT Ekstraliga"]
[Site "Chotowa"]
[Date "2025.06.06"]
[Round "5.5"]
[White "Koziorowicz, Michal"]
[Black "Klekowski, Maciej"]
[Result "1/2-1/2"]
[WhiteElo "2294"]
[BlackElo "2474"]
[PlyCount "132"]
[EventDate "2025.06.02"]
[EventType "team-tourn"]
[EventRounds "9"]
[EventCountry "POL"]
[SourceTitle "CB24_2025"]
[SourceDate "2025.06.11"]
[SourceVersion "1"]
[SourceVersionDate "2025.06.11"]
[SourceQuality "1"]
[WhiteTeam "Gorzow Wielkopolski Stilon"]
[BlackTeam "Gliwice Akademia Szachowa"]
[WhiteTeamCountry "POL"]
[BlackTeamCountry "POL"]

1. e4 c5 2. Nf3 Nc6 3. Bb5 e6 4. 0-0 Nge7 5. Re1 a6 6. Bf1 b6 7. c3 d5 8. exd5 Nxd5 9. d4 cxd4 10. Nxd4 Bb7 11. Nxc6 Bxc6 12. c4 Nf6 13. Qxd8+ Rxd8 14. Be3 Bc5 15. Bxc5 bxc5 16. Nc3 Rd2 17. Re2 Rxe2 18. Bxe2 Ke7 19. Rd1 Rb8 20. Rd2 Ne4 21. Nxe4 Bxe4 22. Bd1 Rb6 23. f3 Bb1 24. a3 g5 25. g3 f5 26. f4 gxf4 27. gxf4 e5 28. fxe5 Ke6 29. b4 Kxe5 30. bxc5 Rg6+ 31. Kf2 Rh6 32. Kf1 Be4 33. Bc2 Bxc2 34. Rxc2 Rc6 35. Re2+ Kf4 36. Rf2+ Ke4 37. Re2+ Kd4 38. Rd2+ Kxc4 39. Rd6 Kxc5 40. Rd7 Rh6 41. Kg2 Kc4 42. Rb7 Kd5 43. Kg3 Ke5 44. Re7+ Kf6 45. Ra7 Ke5 46. Re7+ Re6 47. Rxh7 Rc6 48. Re7+ Kf6 49. Re8 Rc3+ 50. Kf4 Rc4+ 51. Kf3 Ra4 52. Rf8+ Kg6 53. Rg8+ Kf7 54. Rb8 Ke6 55. Re8+ Kd7 56. Rh8 a5 57. Rh6 Kc7 58. Rf6 Rxa3+ 59. Ke2 Ra2+ 60. Ke3 Ra3+ 61. Ke2 Rc3 62. Rxf5 Kb6 63. Kd2 Rc7 64. Rf1 a4 65. Rc1 Rh7 66. Kc2 Rxh2+ 1/2-1/2

[Event "POL-chT Ekstraliga"]
[Site "Chotowa"]
[Date "2025.06.05"]
[Round "4.5"]
[White "Jakubowski, Krzysztof"]
[Black "Koziorowicz, Michal"]
[Result "1/2-1/2"]
[WhiteElo "2448"]
[BlackElo "2294"]
[PlyCount "37"]
[EventDate "2025.06.02"]
[EventType "team-tourn"]
[EventRounds "9"]
[EventCountry "POL"]
[SourceTitle "CB24_2025"]
[SourceDate "2025.06.11"]
[SourceVersion "1"]
[SourceVersionDate "2025.06.11"]
[SourceQuality "1"]
[WhiteTeam "Raciborz Silesia"]
[BlackTeam "Gorzow Wielkopolski Stilon"]
[WhiteTeamCountry "POL"]
[BlackTeamCountry "POL"]

1. Nf3 e6 2. g3 b5 3. e4 Bb7 4. Qe2 Be7 5. Bg2 a6 6. 0-0 c5 7. a4 b4 8. d4 cxd4 9. Nxd4 Nc6 10. Be3 Qc7 11. c4 Nxd4 12. Bxd4 e5 13. Be3 Nf6 14. Nd2 d6 15. b3 0-0 16. Rfe1 Nd7 17. Nf1 a5 18. Qc2 Rad8 19. Rad1 1/2-1/2

[Event "POL-chT Ekstraliga"]
[Site "Chotowa"]
[Date "2025.06.04"]
[Round "3.5"]
[White "Kosakowski, Jakub"]
[Black "Koziorowicz, Michal"]
[Result "1-0"]
[WhiteElo "2548"]
[BlackElo "2294"]
[PlyCount "75"]
[EventDate "2025.06.02"]
[EventType "team-tourn"]
[EventRounds "9"]
[EventCountry "POL"]
[SourceTitle "CB24_2025"]
[SourceDate "2025.06.11"]
[SourceVersion "1"]
[SourceVersionDate "2025.06.11"]
[SourceQuality "1"]
[WhiteTeam "Pegow Wieza"]
[BlackTeam "Gorzow Wielkopolski Stilon"]
[WhiteTeamCountry "POL"]
[BlackTeamCountry "POL"]

1. e4 e6 2. d4 d5 3. Nd2 Be7 4. Ngf3 Nf6 5. e5 Nfd7 6. Bd3 c5 7. c3 Nc6 8. 0-0 g5 9. Nb1 h5 10. Be3 g4 11. Ne1 Qb6 12. b3 f5 13. exf6 Bxf6 14. Nc2 Qc7 15. Re1 Nf8 16. dxc5 e5 17. Nba3 Be6 18. Nb5 Qd7 19. Nd6+ Kd8 20. c4 d4 21. Bd2 h4 22. b4 a5 23. b5 Ne7 24. Be4 Nc8 25. Nxb7+ Ke7 26. Nxa5 Rxa5 27. Bxa5 g3 28. Bb4 Kd8 29. Qf3 Qg7 30. fxg3 hxg3 31. h3 Rh4 32. b6 Rf4 33. Qd3 Bxh3 34. gxh3 g2 35. b7 Bh4 36. Re2 Qf6 37. Bxg2 Bf2+ 38. Rxf2 1-0

[Event "Titled Tuesday intern op 18th Mar Late"]
[Site "Chess.com INT"]
[Date "2025.03.18"]
[Round "2"]
[White "Exposito Milan, Adrian"]
[Black "Koziorowicz, Michal"]
[Result "0-1"]
[WhiteElo "2163"]
[BlackElo "2310"]
[PlyCount "68"]
[EventDate "2025.03.18"]
[EventType "swiss (blitz)"]
[EventRounds "11"]
[EventCountry "USA"]
[SourceTitle "CB13_2025"]
[SourceDate "2025.03.26"]
[SourceVersion "1"]
[SourceVersionDate "2025.03.26"]
[SourceQuality "1"]

1. c4 e5 2. g3 f5 3. d4 exd4 4. Qxd4 Nf6 5. Bg2 Be7 6. Nc3 0-0 7. Nf3 Nc6 8. Qd1 d6 9. 0-0 Be6 10. Nd5 Ne4 11. b3 Bf6 12. Nxf6+ Qxf6 13. Be3 a5 14. Qc2 a4 15. Rfd1 Nb4 16. Qc1 Nc3 17. Re1 Ncxa2 18. Qd2 axb3 19. Bd4 Qe7 20. Ng5 Bxc4 21. e4 f4 22. e5 Qxg5 23. exd6 cxd6 24. Bxb7 Rab8 25. Be4 d5 26. Bb1 Qg4 27. Kg2 f3+ 28. Kh1 Qh3 29. Rg1 Bf1 30. Bxh7+ Kxh7 31. Raxf1 Qg4 32. Re1 Rfe8 33. Rxe8 Rxe8 34. Bc5 Re2 0-1

[Event "Titled Tuesday intern op 04th Feb Early"]
[Site "Chess.com INT"]
[Date "2025.02.04"]
[Round "9"]
[White "Koziorowicz, Michal"]
[Black "Alaimo, Riccardo"]
[Result "0-1"]
[WhiteElo "2310"]
[BlackElo "2156"]
[PlyCount "70"]
[EventDate "2025.02.04"]
[EventType "swiss (blitz)"]
[EventRounds "11"]
[EventCountry "USA"]
[SourceTitle "CB07_2025"]
[SourceDate "2025.02.12"]
[SourceVersion "1"]
[SourceVersionDate "2025.02.12"]
[SourceQuality "1"]

1. e4 c5 2. Nf3 d6 3. Bb5+ Nd7 4. 0-0 a6 5. Bxd7+ Bxd7 6. d4 cxd4 7. Qxd4 e5 8. Qd3 h6 9. Nc3 Nf6 10. Nd2 b5 11. a4 b4 12. Nd5 Nxd5 13. Qxd5 Be7 14. Rd1 0-0 15. b3 Rc8 16. Qd3 f5 17. Nc4 fxe4 18. Qxe4 Bc6 19. Qg4 Bd7 20. Qe2 Qc7 21. Be3 Be6 22. Nb6 Qxc2 23. Qxa6 Rc3 24. Qb7 Bg5 25. Bxg5 Qxf2+ 26. Kh1 hxg5 27. Qe7 Bh3 28. Rg1 Rc2 29. Qxg5 Rf5 30. Qg6 Rf6 31. Qe8+ Rf8 32. Qg6 Rf6 33. Qg3 Qxg3 34. hxg3 Bg4 35. Nc4 Rh6# 0-1

[Event "Titled Tuesday intern op 04th Feb Early"]
[Site "Chess.com INT"]
[Date "2025.02.04"]
[Round "5"]
[White "Koziorowicz, Michal"]
[Black "Grandelius, Nils"]
[Result "0-1"]
[WhiteElo "2310"]
[BlackElo "2644"]
[PlyCount "74"]
[EventDate "2025.02.04"]
[EventType "swiss (blitz)"]
[EventRounds "11"]
[EventCountry "USA"]
[SourceTitle "CB07_2025"]
[SourceDate "2025.02.12"]
[SourceVersion "1"]
[SourceVersionDate "2025.02.12"]
[SourceQuality "1"]

1. e4 c5 2. Nf3 Nc6 3. Bb5 g6 4. 0-0 Bg7 5. Bxc6 dxc6 6. h3 Nf6 7. d3 Nd7 8. Nc3 Nf8 9. Be3 b6 10. Qd2 h6 11. Rae1 e5 12. Nh2 Ne6 13. f4 exf4 14. Bxf4 Nxf4 15. Qxf4 0-0 16. e5 Be6 17. Nf3 f5 18. h4 Qe7 19. Qg3 Qf7 20. Ne2 f4 21. Qf2 Rae8 22. Nc3 Bg4 23. Nh2 Bh5 24. d4 cxd4 25. Qxd4 Qf5 26. Qc4+ Kh7 27. Qxc6 Rxe5 28. Qc7 Rf7 29. Qd6 f3 30. Nxf3 Bxf3 31. Rxe5 Bxe5 32. Qb4 a5 33. Qc4 Rc7 34. Qb5 Bd4+ 35. Kh2 Qf4+ 36. g3 Qd2+ 37. Ne2 Qxe2+ 0-1

[Event "Titled Tuesday intern op 04th Feb Early"]
[Site "Chess.com INT"]
[Date "2025.02.04"]
[Round "2"]
[White "Koziorowicz, Michal"]
[Black "Novozhilov, Semen"]
[Result "0-1"]
[WhiteElo "2310"]
[BlackElo "2344"]
[PlyCount "54"]
[EventDate "2025.02.04"]
[EventType "swiss (blitz)"]
[EventRounds "11"]
[EventCountry "USA"]
[SourceTitle "CB07_2025"]
[SourceDate "2025.02.12"]
[SourceVersion "1"]
[SourceVersionDate "2025.02.12"]
[SourceQuality "1"]

1. e4 c5 2. Nf3 Nc6 3. Bb5 g6 4. 0-0 Bg7 5. Bxc6 bxc6 6. Re1 Nh6 7. c3 0-0 8. d4 cxd4 9. cxd4 d5 10. e5 f6 11. e6 Qd6 12. Qe2 c5 13. dxc5 Qxc5 14. Be3 Qc4 15. Nd4 f5 16. Qxc4 dxc4 17. Bxh6 Bxh6 18. Nc6 Re8 19. Nc3 Bb7 20. Na5 Rab8 21. Rad1 Ba6 22. Re2 Kf8 23. Rd7 Bc1 24. Na4 c3 25. Rc2 cxb2 26. Nxb2 Bxb2 27. Rxb2 Rxb2 0-1

[Event "POL-chT Ekstraliga"]
[Site "Walbrzych"]
[Date "2024.10.09"]
[Round "3.22"]
[White "Klimkowski, Jan"]
[Black "Koziorowicz, Michal"]
[Result "1/2-1/2"]
[WhiteElo "2477"]
[BlackElo "2289"]
[PlyCount "53"]
[EventDate "2024.10.07"]
[EventType "team-tourn"]
[EventRounds "9"]
[EventCountry "POL"]
[SourceTitle "CB42_2024"]
[Source "ChessBase"]
[SourceDate "2024.10.16"]
[SourceVersion "1"]
[SourceVersionDate "2024.10.16"]
[SourceQuality "1"]
[WhiteTeam "Katowice Wasko"]
[BlackTeam "Gorzow Wielkopolski Stilon"]
[WhiteTeamCountry "POL"]
[BlackTeamCountry "POL"]

1. e4 e6 2. d4 d5 3. e5 c5 4. c3 Nc6 5. Nf3 Bd7 6. Be2 Nge7 7. Na3 cxd4 8. cxd4 Nf5 9. Nc2 Be7 10. g3 Qb6 11. h4 Nb4 12. Nxb4 Bxb4+ 13. Kf1 Bb5 14. g4 Bxe2+ 15. Kxe2 Qa6+ 16. Qd3 Qxd3+ 17. Kxd3 Ne7 18. h5 h6 19. Nh4 Rc8 20. f4 g6 21. Ng2 Ba5 22. a3 gxh5 23. Rxh5 Rg8 24. Ne3 Ng6 25. Ng2 Ne7 26. Ne3 Ng6 27. Ng2 1/2-1/2

[Event "Titled Tuesday intern op 24th Sep Late"]
[Site "Chess.com INT"]
[Date "2024.09.24"]
[Round "8"]
[White "Chassard, Cedric"]
[Black "Koziorowicz, Michal"]
[Result "1-0"]
[WhiteElo "2289"]
[BlackElo "2289"]
[PlyCount "67"]
[EventDate "2024.09.24"]
[EventType "swiss (blitz)"]
[EventRounds "11"]
[EventCountry "USA"]
[SourceTitle "EXT 2025"]
[Source "ChessBase"]
[SourceDate "2024.10.14"]
[SourceVersion "1"]
[SourceVersionDate "2024.10.14"]
[SourceQuality "1"]

1. e4 c5 2. Nf3 d6 3. Bb5+ Bd7 4. Bxd7+ Nxd7 5. c4 e5 6. d3 g6 7. 0-0 Bg7 8. Nc3 Ne7 9. a3 0-0 10. b4 b6 11. Bg5 f6 12. Be3 f5 13. Bg5 Nf6 14. Bxf6 Bxf6 15. Nd2 Qd7 16. Qe2 Kh8 17. f3 f4 18. Nd5 Nxd5 19. exd5 e4 20. Nxe4 Bxa1 21. Rxa1 Qg7 22. Re1 Rad8 23. Ng5 Qd4+ 24. Kf1 Rde8 25. Qxe8 Qxd3+ 26. Qe2 Qxa3 27. Qe7 Qd3+ 28. Kg1 Qd4+ 29. Kh1 Qg7 30. Qxg7+ Kxg7 31. Ne6+ Kf7 32. Nxf8 Kxf8 33. bxc5 bxc5 34. Ra1 1-0

[Event "Titled Tuesday intern op 24th Sep Late"]
[Site "Chess.com INT"]
[Date "2024.09.24"]
[Round "5"]
[White "Goryachkina, Aleksandra"]
[Black "Koziorowicz, Michal"]
[Result "1-0"]
[WhiteElo "2533"]
[BlackElo "2289"]
[PlyCount "59"]
[EventDate "2024.09.24"]
[EventType "swiss (blitz)"]
[EventRounds "11"]
[EventCountry "USA"]
[SourceTitle "EXT 2025"]
[Source "ChessBase"]
[SourceDate "2024.10.14"]
[SourceVersion "1"]
[SourceVersionDate "2024.10.14"]
[SourceQuality "1"]

1. e4 e6 2. d4 d5 3. Nd2 Be7 4. Ngf3 Nf6 5. Bd3 c5 6. dxc5 0-0 7. 0-0 dxe4 8. Nxe4 Nxe4 9. Bxe4 Qxd1 10. Rxd1 Bxc5 11. Ne5 a5 12. Bf4 f6 13. Nc4 e5 14. Bd5+ Kh8 15. Be3 Bxe3 16. fxe3 Nc6 17. Bxc6 bxc6 18. Rd6 Bf5 19. c3 Be4 20. Rad1 Rfb8 21. Nb6 h5 22. Nxa8 Rxa8 23. Rd8+ Rxd8 24. Rxd8+ Kh7 25. Ra8 Bd5 26. Rxa5 Kg6 27. Ra8 Kf5 28. a4 Ke4 29. a5 Kd3 30. a6 1-0

[Event "Titled Tuesday intern op 24th Sep Late"]
[Site "Chess.com INT"]
[Date "2024.09.24"]
[Round "2"]
[White "Koziorowicz, Michal"]
[Black "Garcia Correa, Jose Ricardo"]
[Result "1-0"]
[WhiteElo "2289"]
[BlackElo "2103"]
[PlyCount "125"]
[EventDate "2024.09.24"]
[EventType "swiss (blitz)"]
[EventRounds "11"]
[EventCountry "USA"]
[SourceTitle "EXT 2025"]
[Source "ChessBase"]
[SourceDate "2024.10.14"]
[SourceVersion "1"]
[SourceVersionDate "2024.10.14"]
[SourceQuality "1"]

1. e4 c5 2. Nf3 e6 3. d4 cxd4 4. Nxd4 a6 5. Nc3 Qc7 6. g3 h5 7. h3 Nc6 8. Be3 Ne5 9. Bg2 Nf6 10. 0-0 h4 11. g4 Nc4 12. Bc1 Bc5 13. Qd3 Ne5 14. Qd1 Nfxg4 15. hxg4 h3 16. Bh1 h2+ 17. Kg2 Qd8 18. Bf4 Qh4 19. f3 Qh3+ 20. Kf2 Nc4 21. Na4 Ba7 22. Bg2 Qh7 23. Qd3 b5 24. Rh1 e5 25. Rxh2 Bxd4+ 26. Ke2 Qxh2 27. Bxh2 Rxh2 28. f4 Bb7 29. Nc3 Nxb2 30. Qg3 Rxg2+ 31. Qxg2 Bxc3 32. Rh1 0-0-0 33. Qf2 exf4 34. Qc5+ Kb8 35. Qxc3 d5 36. Qxb2 dxe4 37. Qe5+ Ka7 38. Qxf4 e3 39. Qxe3+ Ka8 40. Rh7 Bc6 41. Rxg7 Re8 42. Rxf7 Rxe3+ 43. Kxe3 Bd5 44. Rf8+ Kb7 45. a3 a5 46. Kd4 Ba2 47. Kc5 b4 48. axb4 a4 49. Rf6 Bb1 50. Rb6+ Kc7 51. Rb5 Bxc2 52. Ra5 Kd7 53. b5 Kc7 54. b6+ Kb7 55. Ra7+ Kb8 56. g5 Bg6 57. Rxa4 Be4 58. Ra7 Bb7 59. Rxb7+ Kxb7 60. g6 Ka6 61. g7 Ka5 62. g8Q Ka4 63. Qa2# 1-0

[Event "Titled Tuesday intern op 24th Sep Late"]
[Site "Chess.com INT"]
[Date "2024.09.24"]
[Round "1"]
[White "Oparin, Grigoriy"]
[Black "Koziorowicz, Michal"]
[Result "1-0"]
[WhiteElo "2662"]
[BlackElo "2289"]
[PlyCount "75"]
[EventDate "2024.09.24"]
[EventType "swiss (blitz)"]
[EventRounds "11"]
[EventCountry "USA"]
[SourceTitle "EXT 2025"]
[Source "ChessBase"]
[SourceDate "2024.10.14"]
[SourceVersion "1"]
[SourceVersionDate "2024.10.14"]
[SourceQuality "1"]

1. e4 e6 2. d4 d5 3. Nc3 Bb4 4. Nge2 Nf6 5. e5 Nfd7 6. a3 Be7 7. f4 c5 8. Be3 Nc6 9. Qd2 a6 10. dxc5 Nxc5 11. Nd4 Bd7 12. Bd3 Rc8 13. 0-0 0-0 14. Qf2 Nxd3 15. cxd3 f6 16. Qg3 Bc5 17. Nxc6 Bxe3+ 18. Qxe3 bxc6 19. Na4 Be8 20. d4 Rb8 21. Nc5 Qe7 22. b4 Bg6 23. Nxa6 Ra8 24. Nc5 fxe5 25. fxe5 Rfb8 26. Rf3 Rxb4 27. Raf1 Rbb8 28. a4 Be4 29. R3f2 Rb4 30. Qh3 Re8 31. Nxe6 Rbb8 32. Nc5 h6 33. a5 Rb4 34. Qe3 Qa7 35. a6 Reb8 36. e6 Rb1 37. Qf4 Rxf1+ 38. Rxf1 1-0

[Event "Titled Tuesday intern op 17th Sep Early"]
[Site "Chess,com INT"]
[Date "2024.09.17"]
[Round "11"]
[White "Agdestein, Simen"]
[Black "Koziorowicz, Michal"]
[Result "1-0"]
[WhiteElo "2564"]
[BlackElo "2289"]
[PlyCount "73"]
[EventDate "2024.09.17"]
[EventType "swiss (blitz)"]
[EventRounds "11"]
[EventCountry "USA"]
[SourceTitle "EXT 2025"]
[Source "ChessBase"]
[SourceDate "2024.10.14"]
[SourceVersion "1"]
[SourceVersionDate "2024.10.14"]
[SourceQuality "1"]

1. e4 e6 2. d4 d5 3. Nc3 Bb4 4. e5 c5 5. a3 Bxc3+ 6. bxc3 Qc7 7. Bd2 Ne7 8. a4 Nbc6 9. Nf3 0-0 10. Bd3 f6 11. exf6 gxf6 12. dxc5 e5 13. Nh4 e4 14. Be2 Ng6 15. Nxg6 hxg6 16. Bh6 Rd8 17. Qd2 d4 18. 0-0 d3 19. cxd3 exd3 20. Bd1 Bf5 21. Bb3+ Kh7 22. Bf4 Qa5 23. Bd6 Nd4 24. Bd1 Re8 25. Re1 Nc2 26. Bxc2 dxc2 27. f3 g5 28. h4 gxh4 29. Qf4 Bg6 30. Qxh4+ Kg7 31. Qd4 Qa6 32. Kf2 Qc6 33. g4 Rad8 34. g5 Rxe1 35. Qxf6+ Kh7 36. Rxe1 Bh5 37. Re7+ 1-0

[Event "Titled Tuesday intern op 17th Sep Early"]
[Site "Chess,com INT"]
[Date "2024.09.17"]
[Round "8"]
[White "Bobkov, Vadim"]
[Black "Koziorowicz, Michal"]
[Result "1-0"]
[WhiteElo "2253"]
[BlackElo "2289"]
[PlyCount "65"]
[EventDate "2024.09.17"]
[EventType "swiss (blitz)"]
[EventRounds "11"]
[EventCountry "USA"]
[SourceTitle "EXT 2025"]
[Source "ChessBase"]
[SourceDate "2024.10.14"]
[SourceVersion "1"]
[SourceVersionDate "2024.10.14"]
[SourceQuality "1"]

1. d4 e6 2. c4 Nf6 3. Nc3 Bb4 4. f3 d5 5. a3 Bxc3+ 6. bxc3 0-0 7. cxd5 exd5 8. e3 Bf5 9. Ne2 Re8 10. Ng3 Bg6 11. Bd3 Nbd7 12. 0-0 c6 13. Bxg6 hxg6 14. Qd3 Nb6 15. e4 Nc4 16. e5 Nd7 17. f4 Nf8 18. f5 Qd7 19. fxg6 Nxg6 20. Ra2 Qg4 21. Raf2 Rf8 22. Nf5 Rae8 23. Rf3 Qe4 24. Qd1 f6 25. Ng3 Qb1 26. exf6 Rxf6 27. Rxf6 gxf6 28. Nh5 Re6 29. Nxf6+ Kg7 30. Nh5+ Kh7 31. Nf6+ Kg7 32. Bh6+ Kf7 33. Qxb1 1-0

[Event "Titled Tuesday intern op 17th Sep Early"]
[Site "Chess,com INT"]
[Date "2024.09.17"]
[Round "10"]
[White "Kejna, Piotr"]
[Black "Koziorowicz, Michal"]
[Result "0-1"]
[WhiteElo "2284"]
[BlackElo "2289"]
[PlyCount "68"]
[EventDate "2024.09.17"]
[EventType "swiss (blitz)"]
[EventRounds "11"]
[EventCountry "USA"]
[SourceTitle "EXT 2025"]
[Source "ChessBase"]
[SourceDate "2024.10.14"]
[SourceVersion "1"]
[SourceVersionDate "2024.10.14"]
[SourceQuality "1"]

1. e4 c5 2. b3 g6 3. Bb2 Nf6 4. Nc3 Bg7 5. Nd5 e6 6. Nxf6+ Bxf6 7. Bxf6 Qxf6 8. Nf3 Nc6 9. Bb5 Nd4 10. Nxd4 Qxd4 11. f3 0-0 12. c3 Qe5 13. 0-0 d5 14. d4 Qc7 15. Qd2 cxd4 16. cxd4 dxe4 17. fxe4 e5 18. Bc4 Qb6 19. Rad1 Bg4 20. Be2 Bxe2 21. Qxe2 exd4 22. Qc4 Rad8 23. Rd3 Rd7 24. Rfd1 Rfd8 25. b4 Rc7 26. Qb3 Rc3 27. Qb1 Rxd3 28. Rxd3 Qe6 29. Rd2 Qc4 30. Kf2 d3 31. Kf3 Qd4 32. Qe1 Kg7 33. a3 Rd6 34. Qe3 Rf6+ 0-1

[Event "Titled Tuesday intern op 17th Sep Early"]
[Site "Chess,com INT"]
[Date "2024.09.17"]
[Round "1"]
[White "Koziorowicz, Michal"]
[Black "Mamedov, Edgar"]
[Result "1/2-1/2"]
[WhiteElo "2289"]
[BlackElo "2448"]
[PlyCount "120"]
[EventDate "2024.09.17"]
[EventType "swiss (blitz)"]
[EventRounds "11"]
[EventCountry "USA"]
[SourceTitle "EXT 2025"]
[Source "ChessBase"]
[SourceDate "2024.10.14"]
[SourceVersion "1"]
[SourceVersionDate "2024.10.14"]
[SourceQuality "1"]

1. e4 c5 2. Nf3 a6 3. c4 Nc6 4. Nc3 g6 5. d4 cxd4 6. Nxd4 Bg7 7. Be3 d6 8. Be2 Nf6 9. Nc2 0-0 10. 0-0 Be6 11. Rc1 Rc8 12. f3 Nd7 13. Qd2 Nc5 14. b3 Qa5 15. Nd4 Bd7 16. Rfd1 Nxd4 17. Bxd4 Bxd4+ 18. Qxd4 Ne6 19. Qd2 Qb6+ 20. Kh1 Bc6 21. f4 Nc5 22. Bf3 Qc7 23. f5 Nd7 24. fxg6 hxg6 25. Bg4 Rcd8 26. Bxd7 Qxd7 27. Nd5 Qe6 28. Qg5 Kg7 29. Re1 f6 30. Qg3 Rh8 31. Re3 g5 32. Rf1 Rh4 33. Rf5 Rdh8 34. h3 Rxe4 35. Rxe4 Qxe4 36. Rf1 Bxd5 37. cxd5 Qxd5 38. Re1 Kf7 39. Qe3 Kg6 40. Qg3 e5 41. Rc1 Qd2 42. Rf1 Qe2 43. Rf2 Qe4 44. Rf1 d5 45. Kh2 d4 46. Kh1 d3 47. Re1 Qd5 48. Rd1 e4 49. Qe3 Qe5 50. Re1 Rd8 51. Rd1 Qf4 52. Qb6 Rd6 53. Qxb7 e3 54. Qa8 Rd7 55. Qg8+ Rg7 56. Qe8+ Kh7 57. Qh5+ Kg8 58. Qe8+ Kh7 59. Qh5+ Kg8 60. Qe8+ Kh7 1/2-1/2